| 000 -LEADER |
| fixed length control field |
00329nam a2200109 4500 |
| 082 ## - DEWEY DECIMAL CLASSIFICATION NUMBER |
| Classification number |
TNC P21X5444 Se64 |
| 100 ## - MAIN ENTRY--PERSONAL NAME |
| Personal name |
Seetharamu, A.S. Ushadevi, M.D |
| 9 (RLIN) |
22385 |
| 245 ## - TITLE STATEMENT |
| Title |
Education in rural areas |
| 260 ## - PUBLICATION, DISTRIBUTION, ETC. (IMPRINT) |
| Place of publication, distribution, etc |
New Delhi |
| Name of publisher, distributor, etc |
Ashish publication house |
| 300 ## - PHYSICAL DESCRIPTION |
| Extent |
220p. |
| 650 ## - SUBJECT ADDED ENTRY--TOPICAL TERM |
| Topical term or geographic name as entry element |
Economic attendance - karnataka - India |
| 9 (RLIN) |
22386 |